000 00309nam a22001337a 4500
008 170817b xxu||||| |||| 00| 0 eng d
020 _a0871508796
041 _aeng
080 _26 ED
_a51
100 _a36
101 _aMAT
245 _aFUNDAMENTALS OF COLLEGE ALGEBRA
_cSWOKOWSKI.P
942 _2udc
_cBK
999 _c23931
_d23931